000
00411nam a2200133Ia 4500
008
100328s9999 xx 000 0 und d
082
_b
25458
100
_a
अंशुल
245
_a
ममता की प्यास
260
_b
डायमंड पॅाकेट बुक्स
630
_a
ममता की प्यास
730
_a
ममता की प्यास
942
_c
BOOK
999
_c
518316
_d
518313